Prídavky na deti podľa troch príjmových pásiem

Od 1.9.1994 podľa zákona NR SR č.193/1994 Z.z. prídavky na deti a príplatok k nim štátnou sociálnou dávkou, nie súčasťou nemocenského poistenia a dôchodkového zabezpečenia ako predtým. Výklad úpravy ich osobného a vecného rozsahu, podmienok nároku, výšky a výplaty do cudziny.

Guardado en:
Detalles Bibliográficos
Autor principal: Preisinger, M.
Formato: Capítulo de libro
Lenguaje:eslovaco
Materias:
Etiquetas: Agregar Etiqueta
Sin Etiquetas, Sea el primero en etiquetar este registro!

MARC

LEADER 00000naa a2200000 4500
001 r015989
005 20221205091252.7
041 0 |a slo 
044 |a SK 
245 1 0 |a Prídavky na deti podľa troch príjmových pásiem  |c M. Preisinger 
520 |a Od 1.9.1994 podľa zákona NR SR č.193/1994 Z.z. prídavky na deti a príplatok k nim štátnou sociálnou dávkou, nie súčasťou nemocenského poistenia a dôchodkového zabezpečenia ako predtým. Výklad úpravy ich osobného a vecného rozsahu, podmienok nároku, výšky a výplaty do cudziny. 
610 2 0 |a prídavky na deti 
610 2 0 |a zákony 
610 2 0 |a Slovensko 
610 2 0 |a 1994 
610 2 0 |a dávky sociálne 
100 1 |a Preisinger, M.